| 000 | 01407cam a2200313 a 4500 | ||
|---|---|---|---|
| 999 |
_c77244 _d314521 |
||
| 001 | 20799827 | ||
| 003 | OCoLC | ||
| 005 | 20190821155626.0 | ||
| 008 | 891204s1990 enka b 001 0 eng | ||
| 010 | _a89070688 | ||
| 020 | _a0471926515 | ||
| 020 | _a9780471926511 | ||
| 040 |
_aDNLM/DLC _beng _cDLC _dSOS _dNLM _dUKM _dUBA _dBAKER _dBTCTA _dYDXCP _dDEBBG _dOCLCQ _dBDX _dGBVCP _dOCLCF |
||
| 050 | 0 | 0 |
_aRC78.7.U4 _bF48 1990 |
| 082 |
_223 _a616.07543 _bFPP |
||
| 100 | 1 |
_aFish, Peter J. _974739 |
|
| 245 | 1 | 0 |
_aPhysics and instrumentation of diagnostic medical ultrasound / _cPeter Fish. |
| 246 | 3 | _aDiagnostic medical ultrasound | |
| 260 |
_aChichester ; _aNew York : _bWiley ; _aNew York, NY, USA : _bDistributed in the U.S.A., Canada, and Japan by A.R. Liss, _cc1990. |
||
| 300 |
_aix, 250 p. : _bill. ; _c25 cm. |
||
| 504 | _aIncludes bibliographical references (p. 245) and index. | ||
| 650 | 0 |
_aDiagnostic ultrasonic imaging. _974740 |
|
| 650 | 0 |
_aDiagnostic ultrasonic imaging _xInstruments. _974741 |
|
| 650 | 2 |
_aUltrasonics. _974742 |
|
| 650 | 2 |
_aUltrasonography _xinstrumentation. _974743 |
|
| 650 | 2 |
_aUltrasonography _xmethods. _974744 |
|
| 776 | 0 | 8 |
_iOnline version: _aFish, Peter J. _tPhysics and instrumentation of diagnostic medical ultrasound. _dChichester ; New York : Wiley ; New York, NY, USA : Distributed in the U.S.A., Canada, and Japan by A.R. Liss, c1990 _w(OCoLC)644199707 |
| 942 |
_2ddc _cBOOK |
||